| 000 | 00525nam a2200193 a 4500 | ||
|---|---|---|---|
| 005 | 20231207063559.0 | ||
| 008 | 991125s1980 mx 000 0 spa u | ||
| 020 | _a9681500571 | ||
| 035 | _aUPN01000052403 | ||
| 049 | _aCG | ||
| 050 | 4 |
_aPQ2435 A4 _bE8 1980 |
|
| 100 | 0 |
_aStendhal, _d1783-1842 _931043 |
|
| 245 | 1 | 0 |
_aRojo y negro / _cStendhal. |
| 260 |
_aMéxico : _bEditores Mexicanos Unidos, _c1980. |
||
| 300 | _a399 p. | ||
| 440 | 0 |
_aLiteraria universal ; _v74 |
|
| 650 | 0 |
_aLiteratura francesa _95152 |
|
| 905 | _aLibro | ||
| 999 |
_c52403 _d52403 |
||